000 00320nam a22001217a 4500
040 _c333
082 _a333 THO 2002 C087
100 _aTHOMAS B FISCHER
245 _aStrategic environmental assessment in transport and land use planning
260 _aPhnom Penh
_bTHO
_c2002
300 _a284p.
_bill.
_c29cm.
942 _cEK
999 _c11108
_d11108